Sunspot umbral spectra in the regions 1925 to 2226 and 2392 to 3480 cm-1 (2.87 to 4.18 and 4.48 to 5.35 m) (Record no. 14529)

MARC details
000 -LEADER
fixed length control field 00634nam a2200193Ia 4500
003 - CONTROL NUMBER IDENTIFIER
control field IN-BaIIA
008 - FIXED-LENGTH DATA ELEMENTS--GENERAL INFORMATION
fixed length control field 211028s9999 xx 000 0 eng d
040 ## - CATALOGING SOURCE
Transcribing agency IIA Library
080 ## - UNIVERSAL DECIMAL CLASSIFICATION NUMBER
Universal Decimal Classification number 084.4:523.982.2
Item number WAL
100 ## - MAIN ENTRY--PERSONAL NAME
Personal name Wallace, L
9 (RLIN) 17424
245 #0 - TITLE STATEMENT
Title Sunspot umbral spectra in the regions 1925 to 2226 and 2392 to 3480 cm-1 (2.87 to 4.18 and 4.48 to 5.35 m)
Statement of responsibility, etc. L. Wallace, K. Hinkle and W. C. Livingston
260 ## - PUBLICATION, DISTRIBUTION, ETC.
Name of publisher, distributor, etc. National Solar Observatory
300 ## - PHYSICAL DESCRIPTION
Extent [various pagings.]
650 ## - SUBJECT ADDED ENTRY--TOPICAL TERM
Topical term or geographic name entry element Sunspot
9 (RLIN) 22747
650 ## - SUBJECT ADDED ENTRY--TOPICAL TERM
Topical term or geographic name entry element Umbral spectra
9 (RLIN) 25280
700 ## - ADDED ENTRY--PERSONAL NAME
Personal name Hinkle, K
9 (RLIN) 23546
700 ## - ADDED ENTRY--PERSONAL NAME
Personal name Livingston, W. C
9 (RLIN) 25281
942 ## - ADDED ENTRY ELEMENTS (KOHA)
Koha item type Books
Holdings
Withdrawn status Lost status Damaged status Not for loan Home library Current library Shelving location Date acquired Total Checkouts Full call number Barcode Date last seen Price effective from Koha item type
        IIA Library-Bangalore IIA Library-Bangalore General Stacks 07/03/2002   084.4:523.982.2/ WAL 15451 05/11/2021 07/03/2002 Books

Powered by Koha